| 000 | 00537nam a2200181 a 4500 | ||
|---|---|---|---|
| 001 | 25805 | ||
| 005 | 20180713224222.0 | ||
| 008 | 140415s1976 000 0 spa d | ||
| 041 | _aspa | ||
| 082 |
_a809.923 _bVAS |
||
| 100 | 1 |
_aVasconcelos, José, _d1882-1959,. |
|
| 245 | 1 | 3 |
_aLA RAZA COSMICA : _bMISION DE LA RAZA IBEROAMERICANA ARGENTINA Y BRASIL |
| 250 | _a4a ed. | ||
| 260 |
_a[s.l.] : _bESPASA-CALPE MEXICANA, _c1976 |
||
| 300 | _a207 | ||
| 490 |
_aAUSTRAL _v802 |
||
| 650 | 1 | 4 |
_aLITERATURA MEXICANA _xNARRACIONES |
| 999 |
_c25805 _d25805 |
||